Pop Funko Characters by Picture - Statistics

General Stats
  • This quiz has been taken 233 times
  • The average score is 10 of 15
Answer Stats
Picture Answer % Correct
Spider-Man
99%
Hulk
97%
Groot
95%
Shazam
87%
Star-Lord
84%
Miguel
82%
Captain Marvel
81%
Nebula
73%
Boo
70%
Coca-Cola Bear
63%
Mr. Spock
57%
The Collector
52%
Porg
44%
Wasabi
32%
Mary Marvel
8%
No matching quizzes found
Score Distribution
Percent of People with Each Score
Percentile by Number Answered
Your Score History
You have not taken this quiz